000 00367 a2200169 4500
001 183967
020 _a85-262-4183-4
040 _cMagnum
100 _aShakespeare, William
240 1 0 _aA megera domada
_lpor
245 1 0 _aA megera domada
300 _a120
362 0 _a2000
440 1 _aScipione
697 _aLITERATURA JUVENIL ESTRANGEIRA
942 _cBK
999 _c183967
_d183967